| 000 | | | 04713cam0a2200313#x 450 |
| 001 | | | 554cfa66-5f97-4794-943f-304f88488b5b |
| 005 | | | 20250429152203.0 |
| 100 | ## | $a | 20250429j19450504k###0rusy50 ca |
| 101 | 0# | $a | rus |
| 102 | ## | $a | RU |
| 105 | ## | $a | y###z######## |
| 122 | 0# | $a | d19450504## |
| 200 | 1# | $a | Постановление СНК СССР № 947 "О выпуске Четвертого Государственного Военного Займа" (с приложением условий выпуска займа) |
| | $j | 4 мая 1945 г. |
| 251 | ## | $c | Документ |
| 300 | ## | $a | Подлинник |
| 461 | #0 | $1 | 2001 |
| | $a | Ф. Р-5446 |
| | $1 | 251 |
| | $c | Фонд |
| | $1 | 852 |
| | $j | Р-5446 |
| 462 | #0 | $1 | 2001 |
| | $a | Оп. 1 |
| | $1 | 251 |
| | $c | Опись |
| | $1 | 852 |
| | $j | 1 |
| 462 | #0 | $1 | 2001 |
| | $a | Д. 251 |
| | $v | Л. 173, 174-176 |
| | $1 | 251 |
| | $c | Дело |
| | $1 | 852 |
| | $j | 251 |
| 605 | ## | $2 | prlib_sh |
| | $3 | LIBNET\UAF\0000088514 |
| | $a | Вторая мировая война в архивных документах (Комплекс оцифрованных архивных документов, кино- и фотоматериалов) |
| | $l | коллекция |
| 605 | ## | $2 | acquisition_Prlib |
| | $3 | DITM\AF\0000002775 |
| | $a | Власть |
| | $l | коллекция |
| 605 | ## | $2 | acquisition_Prlib |
| | $3 | DITM\AF\0000003834 |
| | $a | Народ |
| | $l | коллекция |
| 606 | 1# | $2 | nlr_sh |
| | $3 | RU\NLR\AUTH\661520861 |
| | $a | Великая Отечественная война |
| | $z | 1941 - 1945 |
| | $z | Третий период |
| | $z | 1944 - 1945 |
| | $j | Документы и материалы |
| 686 | ## | $a | 63.3(2)622,13ю1 |
| | $2 | rubbk |
| | $v | LBC/M |
| 686 | ## | $a | 63.3(0)62-6ю1 |
| | $2 | rubbk |
| | $v | LBC/M |
| 801 | #0 | $a | RU |
| | $b | ПБ им. Б.Н. Ельцина |
| | $c | 20250429 |
| 801 | #1 | $a | RU |
| | $b | ПБ им. Б.Н. Ельцина |
| | $c | 20250429 |
| | $2 | rusmarc |
| 801 | #2 | $a | RU |
| | $b | ПБ им. Б.Н. Ельцина |
| | $c | 20250429 |
| | $2 | rusmarc |
| 850 | ## | $a | Государственный архив Российской Федерации |
| 852 | ## | $a | ГА РФ |
| | $j | Л. 173, 174-176 |
| 035 | ## | $a | LIBNET\0001470927 |
| 937 | ## | $d | 196710968 |
| | $h | Федеральное архивное агентство |
| 856 | 4# | $u | http://readingroom.main.prlib.ru/item.aspx?id_node=n196710968&mode=full |